Statistiken für Spitznamen von Fussballnationalmannschaften

Klicken Sie hier um das Quiz zu spielen!

Allgemein

  • Dieses Quiz wurde 126 mal gespielt
  • Das Durchschnittsergebnis liegt bei 5 aus 15

Antwortstatistiken

SpitznameLand% Korrekt
„Die Mannschaft“Deutschland
100%
„The Boys in Green“Irland
100%
„Three Lions“England
89%
„Seleção“ oder „Os Canarinhos“Brasilien
86%
„Bravehearts“Schottland
83%
„La Seleccion“ oder „La Furia Roja“Spanien
80%
„The Reggae Boyz“Jamaika
75%
„Samurai Blue“Japan
71%
„Equipe Tricolore“ oder „Les Bleus“Frankreich
67%
„The Canucks“Kanada
67%
„Løvene“Norwegen
67%
„Les Pharaons“Ägypten
60%
„Les Eléphants“Elfenbeinküste
60%
„Lóng zhī duì“ oder „Team Dragon“China
57%
„Les Lions de l’Atlas“Marokko
57%
„Das Team“, „Burschen“ oder „Unsere Burschen“Österreich
57%
„Socceroos“Australien
50%
„Danish Dynamite“Dänemark
50%
„Oranje“ oder „Elftal“Niederlande
50%
„A Seleccao das Quinas“ oder „Seleção“Portugal
50%
„Les Aigles de Carthage“Tunesien
50%
„Yanks“, „Stars & Stripes“ oder „Soccer Boys“Vereinigte Staaten
44%
„La Celeste“Uruguay
40%
„Green & White Army“Nordirland
38%
„The Dragons“Wales
38%
„Albiceleste“ oder „Gauchos“Argentinien
33%
„Zmajevi“ oder „Zlatni Ljiljani“Bosnien und Herzegonina
33%
„Los Tricolores“Ecuador
33%
„Huuhkajat“Finnland
33%
„Black Stars“Ghana
33%
„Strákarnir okkar“Island
33%
„Bafana Bafana!“Südafrika
33%
„Magyarok“ oder „Nemzeti Tizenegy“Ungarn
33%
„Usud Al-Rafidain“Irak
29%
„Diables Rouges“Belgien oder Republik Kongo
25%
„La Verde“Bolivien
25%
„Sinisärgid“Estland
25%
„Red Devils“ oder „Taeguk Warriors“Südkorea
25%
„Kuq e zinjtë“Albanien
22%
„Nivheret Hatchelet“ oder „The Blue and Whites“Israel
20%
„Les Coelecantes“Komoren
20%
„Bialo-czerwoni“Polen
20%
„Tre Kronor“Schweden
20%
„Orlovi“Serbien
20%
„Les Fennecs“Algerien
17%
„Vatreni“ oder „Kockasti“Kroatien
17%
„El Tri“ oder „El Tricolor“Mexiko
17%
„suqūr al-ḫaḍrāʾ“Saudi-Arabien
17%
„Los Catrachos“Honduras
14%
„Los Cafeteros“Kolumbien
14%
„Chollima“Nordkorea
11%
„Lion of Khorasan“Afghanistan
0%
„Palancas Negras“Angola
0%
„Al-Ahmar“Bahrain
0%
„Biełyja kryły“Belarus
0%
„Les Ecureuils“Benin
0%
„Lawowete“Bulgarien
0%
„Les Etalons“Burkina Faso
0%
„La Roja“Chile
0%
„Ticos“Costa Rica
0%
„Les Léopards“Demokratische Republik Kongo
0%
„Selección Cuscatleca“, „Cuscatlecos“ oder „Guanacos“El Salvador
0%
„Landsliðið“Färör
0%
„Les Panthères“Gabun
0%
„The Scorpions“Gambia
0%
„To Piratiko“ oder „Galanolefki“Griechenland
0%
„Les Grenadiers“Haiti
0%
„Merah Putih“Indonesien
0%
„Team Melli“Iran
0%
„Squadra Azzurra“, „Azzurri“, „Gli Azzurri“ oder „La Nazionale“Italien
0%
„Les Lions Indomptables“Kamerun
0%
"Harambee Stars"Kenia
0%
„Leones del Caribe“Kuba
0%
„Al Azraq“Kuwait
0%
„11 vilki“Lettland
0%
„Rinktine“Litauen
0%
„Roud Léiwen“Luxemburg
0%
„Barea“Madagaskar
0%
„The Flames“Malawi
0%
„Les Aigles du Mali“Mali
0%
„Sokoli“Montenegro
0%
„All Whites“Neuseeland
0%
„Super Eagles“Nigeria
0%
„La Marea Roja“ oder „Los Canaleros“Panama
0%
„Los Guaranies“ oder „La Albirroja“Paraguay
0%
„La Blanquirroja“Peru
0%
„Tricolorii“Rumänien
0%
„Sbornaja“Russland
0%
„Les Chipolopolos“Sambia
0%
„Nati“Schweiz
0%
„Les Lions de la Teranga“Senegal
0%
„Sokoli“Slowakei
0%
„Zmajceki“Slowenien
0%
„Les Eperviers“Togo
0%
„The Soca Warriors“Trinidad und Tobago
0%
„Reprezentace“Tschechien
0%
„Ay-Yildizlilar“Türkei
0%
„Schowto-blakytni“Ukraine
0%
„La Vinotinto“Venezuela
0%
„Al Sukoor“Vereinigte Arabische Emirate
0%

Verteilung der Resultate

Perzentil nach korrekt beantworteten Fragen

Anzahl Personen mit jedem Resultat

Ihre Resultats-Entwicklung

Sie haben dieses Quiz noch nicht gespielt